000 00435nam a2200145Ia 4500
008 210210b1966 xxu||||| |||| 00| 0 eng d
082 _a516.22 JUNT
100 _aJUNEJA (Ajit Singh) and SHARMA (P N).
245 _aText book of plane trigonometry for preuniversity and higher secondary students.
260 _aND
_bS. Chand & Co. Ltd.
_c1966
300 _a317
650 _aPlane trigonometry
690 _aGeometry
906 _a028560
999 _c79803
_d79803